Samuráis y otros guerreros (Registro nro. 29730)
[ vista simple ]
| 000 -LEADER | |
|---|---|
| fixed length control field | 00813nam a22002297a 4500 |
| 003 - CONTROL NUMBER IDENTIFIER | |
| control field | OSt |
| 005 - DATE AND TIME OF LATEST TRANSACTION | |
| control field | 20220822165216.0 |
| 008 - FIXED-LENGTH DATA ELEMENTS--GENERAL INFORMATION | |
| fixed length control field | 220822t2012 ck a|||jr|||| 00| 1 spa d |
| 020 ## - INTERNATIONAL STANDARD BOOK NUMBER | |
| International Standard Book Number | 9789583036248 |
| 040 ## - CATALOGING SOURCE | |
| Original cataloging agency | CO-JMCR |
| Transcribing agency | CO-JMCR |
| 041 0# - LANGUAGE CODE | |
| Language code of text/sound track or separate title | spa |
| 082 04 - DEWEY DECIMAL CLASSIFICATION NUMBER | |
| Classification number | C / |
| Item number | SAM |
| 245 10 - TITLE STATEMENT | |
| Title | Samuráis y otros guerreros |
| 260 ## - PUBLICATION, DISTRIBUTION, ETC. | |
| Place of publication, distribution, etc. | Bogotá : |
| Name of publisher, distributor, etc. | Panamericana, |
| Date of publication, distribution, etc. | 2012. |
| 300 ## - PHYSICAL DESCRIPTION | |
| Extent | [7] páginas : |
| Other physical details | ilustraciones ; |
| Dimensions | 36 cm. |
| 505 0# - FORMATTED CONTENTS NOTE | |
| Formatted contents note | El samurai y sus armas -- El samurái y su señor -- El samurái y sus costumbres -- El duelo: samurái contra ronin -- Samurái y ninja -- El samurái: meditación y escritura. |
| 521 1# - TARGET AUDIENCE NOTE | |
| Target audience note | No recomendado para menores de 36 meses. |
| Source | Tapa posterior. |
| 650 14 - SUBJECT ADDED ENTRY--TOPICAL TERM | |
| Topical term or geographic name entry element | Literatura juvenil |
| 9 (RLIN) | 7569 |
| 650 14 - SUBJECT ADDED ENTRY--TOPICAL TERM | |
| Topical term or geographic name entry element | Cultura japonesa |
| 9 (RLIN) | 42314 |
| 650 24 - SUBJECT ADDED ENTRY--TOPICAL TERM | |
| Source of heading or term | Samurái |
| 942 ## - ADDED ENTRY ELEMENTS (KOHA) | |
| Source of classification or shelving scheme | Dewey Decimal Classification |
| Koha item type | Books |
| Withdrawn status | Lost status | Source of classification or shelving scheme | Damaged status | Not for loan | Home library | Current library | Shelving location | Date acquired | Source of acquisition | Total Checkouts | Full call number | Barcode | Date last seen | Date last checked out | Copy number | Price effective from | Koha item type |
|---|---|---|---|---|---|---|---|---|---|---|---|---|---|---|---|---|---|
| Dewey Decimal Classification | Biblioteca Pública José María del Castillo y Rada | Biblioteca Pública José María del Castillo y Rada | Processing Center | 08/22/2022 | Donación | 19 | C / SAM | 201811557 | 07/07/2025 | 07/04/2025 | Ej. 1 | 08/22/2022 | Books |